Warrior Cats - Sudden Death #3 - Statistics

General Stats
  • This quiz has been taken 186 times
  • The average score is 6 of 15
Answers on the Grid
Answers color-coded by a green-red scale on the quiz's grid according to % correct below.
Bluestar
Fawnstep
Little Mew
Whiskermoon
Whistlebreeze
Monkeystar
Golden Claw
Tansyclaw
Kitescratch
Nightstar
Moonwatcher
Newtsplash
Acornfluff
Finchwing
Maggottail
Tinyfrost
Redcloud
Appledusk
Specklefrost
Sweetpaw
Magic
Jay Spots
Yarrowleaf
Mousedung
Duke
Partridgepaw
Gremlin
Lioneye
Lilac
Nettlesplash
 
Answer Stats
Answer % Correct
Bluestar
97%
Nightstar
69%
Appledusk
48%
Maggottail
40%
Sweetpaw
39%
Monkeystar
34%
Kitescratch
33%
Fawnstep
31%
Nettlesplash
28%
Yarrowleaf
28%
Whistlebreeze
26%
Duke
23%
Gremlin
22%
Little Mew
22%
Lioneye
19%
No matching quizzes found
Score Distribution
Percent of People with Each Score
Percentile by Number Answered
Your Score History
You have not taken this quiz